ANIMALS OUR FRIEND (Record no. 495385)

MARC details
000 -LEADER
fixed length control field 00402nam a22001817a 4500
003 - CONTROL NUMBER IDENTIFIER
control field OSt
005 - DATE AND TIME OF LATEST TRANSACTION
control field 20120302151801.0
008 - FIXED-LENGTH DATA ELEMENTS--GENERAL INFORMATION
fixed length control field 091201t xxu||||| |||| 00| 0 eng d
035 ## - SYSTEM CONTROL NUMBER
System control number 17331
040 ## - CATALOGING SOURCE
Transcribing agency ENGLISH
100 ## - MAIN ENTRY--PERSONAL NAME
Personal name JOSHI, M. N.
9 (RLIN) 10705
222 ## - KEY TITLE
Key title ANIMAL
245 ## - TITLE STATEMENT
Title ANIMALS OUR FRIEND
250 ## - EDITION STATEMENT
Edition statement 1 ST
260 ## - PUBLICATION, DISTRIBUTION, ETC. (IMPRINT)
Place of publication, distribution, etc PUNE
Name of publisher, distributor, etc SHABDALI
Date of publication, distribution, etc 2004
300 ## - PHYSICAL DESCRIPTION
Other physical details 16 P.
942 ## - ADDED ENTRY ELEMENTS (KOHA)
Source of classification or shelving scheme Dewey Decimal Classification
Koha item type Book
Holdings
Withdrawn status Lost status Source of classification or shelving scheme Damaged status Not for loan Home library Current library Date acquired Cost, normal purchase price Total Checkouts Full call number Barcode Date last seen Price effective from
    Dewey Decimal Classification     Dr. Bedekar Vidya Mandir Library Dr. Bedekar Vidya Mandir Library 12/01/2009 14.00   590/JOS 17331 03/19/2010 03/19/2010